00680nam a2200205Ia 450000100060000000800390000602000190004508200110006410000240007524500830009925000110018226000360019330000180022965300120024765300230025965300140028294200120029695201490030899900170045765878230217n ii |||gr||||Z||||||346 a978-9383016235 a891.44 aGangopadhyay, Avik. 0aSahityer Sangrup : Paschatyp PrekshitbBy Avik GangopadhyayhTextual Documents aFirst. aCalcutta:bPragya Bikas,c2014. a831pg:c23cm. aBengali aBengali Literature aG-Bengali 2ddccBK 001040708General aSKBLbSKBLcG--Bengalid2023-02-17f00000g400.00l0o891.44 Ga 11 Sap3645/cu/benr2024-01-14 00:00:00t1w2023-02-17yBK c66971d66971